[Event "51st Biel GM 2018"]
[Site "Biel SUI"]
[Date "2018.07.22"]
[Round "1.2"]
[White "Mamedyarov, Shakhriyar"]
[Black "Georgiadis, Nico"]
[Result "1-0"]
[WhiteElo "2801"]
[BlackElo "2526"]
[PlyCount "55"]
[EventDate "2018.07.22"]

1. c4 Nf6 2. Nf3 e6 3. Nc3 d5 4. e3 a6 (4... Be7 5. b3 O-O 6. Bb2 b6 7. cxd5
Nxd5 8. Nxd5 exd5 9. Qc2 c5 10. a3 Nc6 11. Bb5 Bb7 12. O-O Rc8 {Carlsen,M 
(2843)-Karjakin,S (2782) Stavanger 2018}) 5. b3 c5 (5... Bd6 6. Bb2 O-O 7. g4
Nxg4 8. Rg1 f5 9. cxd5 e5 10. h3 Nf6 11. Ng5 Qe7 {Nepomniachtchi,I (2729)
-Anand,V (2782) London ENG 2017}) 6. Bb2 Nc6 7. cxd5 exd5 8. Rc1 $1 {Already a
new move, and worked out by Mamedyarov at home.} (8. d4 cxd4 9. Nxd4 Bd6 10.
Be2 O-O 11. O-O Re8 12. Rc1 Bc7 13. Bf3 Qd6 {Froewis,G (2439) -Schwabeneder,F 
(2382) Graz 2017}) 8... Bg4 {"Not correct." (Mamedyarov)} (8... Be7 9. Be2 O-O
10. d4 {is "a bad position for Black." (Mamedyarov)}) ({He suggested Black
should go} 8... d4 {but White is still better after} 9. Na4 dxe3 10. fxe3 ({or
} 10. dxe3)) ({The best option might be Danny King's suggestion} 8... b5 {
to prevent Na4 altogether when} 9. a4 d4 (9... b4 10. Nb1) 10. exd4 Nxd4 (10...
cxd4 11. Nxb5) 11. axb5 Bd6 {is actually better Black according to the engine.}
) 9. h3 Bh5 10. Na4 Nd7 (10... Ne4 11. g4 Bg6 12. d3 Qa5+ 13. Nd2 {Georgiadis})
11. Be2 b5 (11... Be7 12. O-O (12. g4 Bg6 13. Bxg7) 12... O-O 13. d4 {
Mamedyarov}) 12. Nc3 Nf6 (12... Nb6 13. g4 Bg6 14. Nxb5 $5 axb5 15. Bxb5 Rc8
16. Ne5 Qd6 17. d4) 13. O-O Be7 (13... Bd6 14. a4 b4 15. Nb1 O-O 16. d4 Ne4 17.
Nbd2 {is also good for White.}) 14. a4 Bxf3 (14... d4 15. exd4 cxd4 16. Nxb5 d3
17. Bxd3 Qxd3 18. Nc7+ Kd7 19. g4 Nxg4 20. Nxa8 Nh2 21. Nb6+ Ke8 22. Rxc6 Nxf3+
23. Kh1 {is an amazing computer line.}) 15. Bxf3 Rb8 16. axb5 axb5 17. Ne2 {
White is clearly better.} Qd6 (17... c4 18. d3) 18. Nf4 Nb4 ({The problem with
} 18... Ne5 {is} 19. Bxe5 $1 Qxe5 20. Nd3 Qc7 21. Nxc5 Bxc5 22. b4) 19. Ba3 Na6
$6 {Tactically there's a problem with this.} (19... O-O 20. d4 c4) 20. d4 b4
21. Bb2 O-O 22. Bxd5 $1 Nxd5 23. dxc5 Nxc5 24. Nxd5 Rfd8 $6 ({Protecting the
knight with} 24... Rfc8 {made more sense but} 25. Nxe7+ Qxe7 26. Qg4 f6 (26...
Ne6 27. Bxg7 $1) 27. Rc4 $1 Ne6 28. Rfc1 Rxc4 29. Rxc4 {still gives White an
overwhelming advantage.}) 25. Qg4 Bf8 26. Nf6+ Kh8 27. Qf5 g6 (27... gxf6 28.
Bxf6+ Bg7 29. Bxd8 Rxd8 30. Rxc5) 28. Ne4+ {With 29.Qxc5 next.} 1-0

[Event "51st Biel GM 2018"]
[Site "Biel SUI"]
[Date "2018.07.22"]
[Round "1.3"]
[White "Vachier-Lagrave, Maxime"]
[Black "Svidler, Peter"]
[Result "1/2-1/2"]
[WhiteElo "2779"]
[BlackElo "2753"]
[PlyCount "77"]
[EventDate "2018.07.22"]

1. e4 e5 2. Nf3 Nc6 3. Bb5 a6 4. Ba4 Nf6 5. O-O Be7 6. d3 b5 7. Bb3 d6 8. a3
Na5 ({In earlier years Svidler played} 8... O-O {a couple of times.}) 9. Ba2 c5
10. Nc3 (10. Bg5 Nc6 11. b4 cxb4 12. Bxf6 Bxf6 13. Bd5 Qc7 14. axb4 Rb8 15. Qd2
O-O 16. Qc3 Bb7 17. Bxc6 Bxc6 18. Rxa6 {Vachier Lagrave,M (2798)-Svidler,P 
(2759) Biel SUI 2016}) 10... Be6 11. Nh4 (11. Bxe6 fxe6 12. Ne2 Nc6 13. Ng3 O-O
14. Re1 (14. c3 Qd7 15. Qe2 Rad8 16. Rd1 d5 {Topalov,V (2816)-Svidler,P (2727)
Baku 2015}) 14... a5 15. a4 b4 16. c3 Qd7 {Zhigalko,S (2635)-Svidler,P (2756)
Khanty Mansiysk RUS 2017}) 11... O-O 12. Nf5 Nc6 13. Nd5 (13. Ne3 Nd7 14. Ncd5
Bg5 15. Bd2 a5 16. a4 b4 17. c3 Rb8 18. Bc4 Bxe3 19. Bxe3 Nb6 {Nepomniachtchi,
I (2757)-Svidler,P (2753) Jerusalem 2018}) 13... Bxf5 14. exf5 Rc8 (14... Nxd5
15. Bxd5 Rc8 16. a4 Bf6 17. axb5 axb5 18. c4 bxc4 19. dxc4 Bg5 {Vachier
Lagrave,M (2791)-Svidler,P (2749) Saint Louis 2017}) 15. a4 b4 16. Be3 Nxd5 17.
Bxd5 Bf6 18. c4 bxc3 19. bxc3 Ne7 20. Bb7 Rb8 21. Bxa6 Nxf5 22. Bd2 d5 23. Rb1
Nd6 24. Rxb8 Qxb8 25. Qb1 Qa7 26. Bb5 Rb8 27. c4 Nxb5 28. axb5 Qa4 29. Rc1 e4
30. Bf4 Rb7 31. dxe4 dxc4 32. e5 Be7 33. e6 fxe6 34. Qe4 Qxb5 35. Qxe6+ Kf8 36.
Qf5+ Kg8 37. Qe6+ Kf8 38. Qf5+ Kg8 39. Qe6+ 1/2-1/2

[Event "51st Biel GM 2018"]
[Site "Biel SUI"]
[Date "2018.07.23"]
[Round "2.2"]
[White "Navara, David"]
[Black "Mamedyarov, Shakhriyar"]
[Result "1/2-1/2"]
[WhiteElo "2741"]
[BlackElo "2801"]
[PlyCount "88"]
[EventDate "2018.07.22"]

1. e4 e5 2. Nf3 Nc6 3. Bb5 a6 4. Ba4 Nf6 5. O-O Nxe4 6. d4 b5 7. Bb3 d5 8. dxe5
Be6 9. Nbd2 Nc5 10. c3 d4 11. Bxe6 Nxe6 12. cxd4 Ncxd4 13. a4 Rb8 14. axb5 axb5
15. Ne4 Qd5 (15... Be7 16. Nxd4 Qxd4 17. Qxd4 Nxd4 18. Be3 Nc2 19. Ra7 Nxe3 20.
fxe3 Rc8 {Mazur,S (2459)-Talla,V (2436) Senica 2017}) 16. Nxd4 Nxd4 17. Ng3 (
17. Nc3 Qc4 18. Be3 Nf5 19. Qf3 Nh4 20. Qh3 Be7 21. Rfd1 O-O {De Firmian,N 
(2595)-Abdel Megid,M (2370) Luzern 1989}) 17... g6 {"My home preparation." 
(Mamedyarov)} 18. Be3 Rd8 (18... c5 $6 19. b4) 19. Bg5 Be7 20. Bxe7 Kxe7 21.
Qg4 $1 {Missed by Mamedyarov, who immediately errs.} Ne6 $6 ({Navara expected} 
21... Rhe8 {and White might only have a slight edge.}) 22. Qh4+ (22. f4 {
was also strong.}) 22... g5 23. Qb4+ ({Very strong was} 23. Nf5+ Ke8 {and now}
24. Qh6 $1 Qxe5 25. g4 $1 {as shown by the engine. When looking at this
position, Mamedyarov quickly realized he is lost here.}) 23... Qc5 24. Qe4 Qc4
25. Nf5+ Ke8 26. Qxc4 bxc4 27. Rfc1 Rd2 28. Ra8+ Rd8 29. Rca1 $6 {Losing a
tempo compared to the game.} ({Initially Navara thought it's not much for
White after} 29. Rxd8+ Kxd8 30. Rxc4 Kd7 31. h4 Rb8 {but later he realized
that this is much better compared to the game. After} 32. hxg5 Rxb2 33. f4 c5
34. g3 Kc6 35. Ra4 {Navara pointed out a funny self-mate:} Kd5 36. Ne7#) 29...
Rf8 $1 {Missed by Navara.} 30. h4 Rxa8 31. Rxa8+ Kd7 32. Ra4 Rb8 33. Rxc4 Rxb2
34. hxg5 c5 35. Rh4 Nxg5 36. f4 Ne6 37. Nd6 Rb4 38. g3 c4 39. f5 Ng5 40. Kf2
Rb2+ 41. Ke3 c3 42. Nxf7 c2 43. e6+ Ke7 44. Rc4 Nxf7 1/2-1/2

[Event "51st Biel GM 2018"]
[Site "Biel SUI"]
[Date "2018.07.23"]
[Round "2.3"]
[White "Svidler, Peter"]
[Black "Georgiadis, Nico"]
[Result "1-0"]
[WhiteElo "2753"]
[BlackElo "2526"]
[PlyCount "111"]
[EventDate "2018.07.22"]

1. e4 c5 2. Nf3 d6 3. Bb5+ Nd7 4. O-O a6 5. Bd3 Ngf6 6. Re1 (6. c3 b5 7. a4 c4
8. Be2 Bb7 9. axb5 axb5 10. Rxa8 Bxa8 11. Na3 Bxe4 12. Nxb5 d5 13. b3 cxb3 14.
Qxb3 e6 {Svidler,P (2753)-Nepomniachtchi,I (2757) Jerusalem 2018}) 6... e6 7.
a4 b6 8. c3 Bb7 9. Qe2 Qc7 10. Na3 Be7 11. Bc2 Rc8 12. d3 O-O 13. Bd2 Rfe8 14.
Rac1 (14. b4 cxb4 15. cxb4 Qb8 16. Bb3 a5 17. bxa5 bxa5 18. Reb1 Qa8 19. h3 Ba6
{Iordachescu,V (2600)-Sadzikowski,D (2547) Gallipoli 2017}) 14... e5 15. Bb3 d5
16. exd5 Nxd5 ({Svidler preferred} 16... Bxd5 {saying "I have zero hopes of
anything at all."}) 17. Qe4 Nxc3 (17... Nf4 $5) 18. Bxf7+ Kxf7 19. Qf5+ Kg8 20.
Bxc3 Bf6 21. Nc4 Qc6 22. Ncxe5 Nxe5 23. Bxe5 Qd5 24. Re3 Bxe5 25. Rxe5 Rxe5 26.
Qxe5 Qxd3 27. Qe6+ Kh8 28. Re1 h6 (28... Qg6 $5 29. Qd7 Qc6 30. Qe7 {Svidler})
29. h3 (29. h4 $5 {Svidler}) 29... b5 30. Ne5 Qd5 31. Qg4 Kh7 $6 ({Better was} 
31... Rd8 {and after} 32. Ng6+ Kh7 33. Nf4 Qf7 34. axb5 axb5 {it's still
unpleasant but probably equal, e.g.} 35. Re5 Rf8) 32. Qg6+ Kg8 33. f3 Qd2 $6 ({
There was actually time for} 33... bxa4 {since} 34. Ng4 {can be met by} Qg5)
34. Qf7+ Kh7 35. Kf1 $1 Qd5 36. Qg6+ Kg8 37. Ng4 Qg5 {Missed by Svidler, so he
might have missed it in the earlier line as well.} 38. Qb6 ({Strong was} 38.
Qe6+ Kh8 39. Ne5) 38... Qd5 39. Nxh6+ $5 ({Even better was to return to} 39.
Qg6 Qg5 {and then} 40. Qe6+ Kh8 41. Ne5) 39... Kh7 40. Ng4 Rf8 41. Kg1 ({
There's no time for} 41. axb5 {as Black was threatening to draw with} Rxf3+ 42.
gxf3 Qxf3+ 43. Nf2 Qg2+ 44. Ke2 Qf3+ 45. Kd2 Qxf2+ 46. Re2 Qd4+ 47. Ke1 Qg1+)
41... Qd4+ 42. Kh1 Bxf3 $1 {The best chance.} 43. gxf3 Rxf3 44. Qe6 Qd3 $6 ({
Georgiadis should have tried} 44... Rxh3+ 45. Kg2 Rh5 {when} 46. Qe4+ (46. Kg3
$5 {Svidler}) 46... Qxe4+ 47. Rxe4 Rd5 {is very close to a draw.}) 45. Ne3 $1 {
Missed by Georgiadis.} bxa4 46. Kg2 Rf6 47. Qd5 {With the black pawns crumbled,
White can easily go for the ending.} Qg6+ 48. Kh1 Rf2 49. Rg1 Qh6 50. Rg3 Qf6
51. Qd3+ Kh8 52. Ng4 Qc6+ 53. Kg1 Rxb2 54. Qd8+ Kh7 55. Qh4+ Kg8 56. Nh6+ {
Black is getting mated.} 1-0

[Event "51st Biel GM 2018"]
[Site "Biel SUI"]
[Date "2018.07.24"]
[Round "3.1"]
[White "Carlsen, Magnus"]
[Black "Svidler, Peter"]
[Result "1/2-1/2"]
[WhiteElo "2842"]
[BlackElo "2753"]
[PlyCount "52"]
[EventDate "2018.07.22"]

1. e4 c5 2. Nf3 d6 3. d4 cxd4 4. Nxd4 Nf6 5. Nc3 a6 6. Bg5 Nbd7 ({For
reference on White's 15th move, here's Dubov-Artemiev, Tbilisi 2017:} 6... e6
7. f4 h6 8. Bh4 Be7 9. Qf3 Nbd7 10. O-O-O g5 11. fxg5 hxg5 12. Bg3 Qc7 {
and now the same idea} 13. Bb5 $5 {and White won in 41 moves.}) 7. Qe2 ({
Another important move is} 7. Bc4 {e.g.} h6 8. Bh4 g6 9. Qe2 Bg7 10. O-O-O O-O
11. Bb3 Qc7 12. Kb1 Rb8 13. f4 e5 14. fxe5 dxe5 15. Nf3 b5 {Nepomniachtchi,I 
(2751)-Korobov,A (2678) Poikovsky 2018}) 7... h6 8. Bh4 g6 9. f4 Qc7 ({In his
2015 Najdorf book, Parimarjan Negi had} 9... e5 10. fxe5 dxe5 11. O-O-O Qc7 12.
Nb3 {as his main line. It still is, and Svidler knew that, but since Carlsen
was playing quite fast, he felt it was time to deviate.}) 10. O-O-O {Around
here Svidler started to regret including ...h6, Bh4.} Bg7 11. g4 (11. Kb1 O-O
12. Nf3 e5 13. f5 b5 14. g4 b4 15. Nd5 Nxd5 16. exd5 a5 {Melia,S (2400)
-Travkina,A (2287) Riga 2017}) 11... e5 12. fxe5 ({Svidler mentioned} 12. Ndb5
axb5 13. Nxb5 Qc6 (13... Qa5 14. Nxd6+ Kf8 {is the actual refutation}) 14. Rxd6
Qxe4 {and here, listening to these moves blindfold, Carlsen after just a few
seconds came up with with the beautiful} 15. Re6+ $1 Kf8 (15... fxe6 16. Nd6+)
16. Re8+ $3 {and White wins.}) 12... Nxe5 13. h3 (13. Nf5 $5) 13... Be6 14. Qf2
Nfd7 15. Bb5 $5 {A move that reminds of the Gothenburg variation, but also, as
Anish Giri pointed out, Dubov-Artemiev, Tbilisi 2017! In this case the move is
purely positional.} O-O ({Of course not} 15... axb5 16. Nxe6 fxe6 17. Nxb5 {
and Black can resign.}) 16. Bxd7 Qxd7 ({Svidler didn't like} 16... Nxd7 17. Be7
Rfc8 18. Nxe6 fxe6 19. Bxd6 Qa5 20. Rhf1 Kh8) 17. Nf5 $5 gxf5 18. gxf5 Kh7 ({
After} 18... Bc4 19. f6 Bh8 20. Qf4 Ng6 21. Qxh6 Qe6 22. Rhg1 Bxf6 23. Bxf6
Qxf6 24. h4 Qg7 25. Qg5 Qe5 26. h5 {was Carlsen's intention. He called it
"horrible" for Black.}) 19. Rhg1 Bh8 (19... Rg8 20. Rxg7+ $1 Rxg7 21. Bf6 {
is promising for White.}) 20. Bg3 ({Carlsen spent most of his time on a third
piece sac:} 20. Bg5 $5 hxg5 (20... Bg7 21. f6 $1) 21. Rxg5 Ng6 22. fxg6+ fxg6
23. Qh4+ Kg7 24. Rdg1 {but after} Qf7 $1 (24... Rf6 $2 25. Rh5 Rf1+ 26. Kd2 $1)
25. Qh5 Qf4+ 26. Kb1 Kf7 27. Rxg6 Ke7 {the king runs and now, in order for
White not to lose, he needs to play} 28. Rxe6+ Kxe6 29. Qd5+ Ke7 30. Qxb7+ Ke6
31. Qd5+) ({The players didn't see it immediately for White after} 20. Bg5 hxg5
21. Rxg5 Ng6 22. Rdg1 Bg7 ({The best chance is probably} 22... Rac8) {but the
computer goes} 23. Rh5+ Kg8 24. f6 $1 Qd8 25. fxg7 Kxg7 26. Qd4+ f6 27. Rhg5
Bf7 28. h4 {and Black won't survive this.}) 20... Rac8 21. Bf4 Qe7 22. fxe6
fxe6 23. Qg3 Rg8 24. Qf2 Rgf8 25. Qg3 Rg8 26. Qf2 Rgf8 ({Svidler wasn't sure
about} 26... Nc4 27. Rxg8 Rxg8 28. Qe2 {when} b5 29. Qd3 Be5 $5 30. Bxe5 Qg5+
31. Kb1 Qxe5 32. a4 $5 {is probably equal.}) 1/2-1/2

[Event "51st Biel GM 2018"]
[Site "Biel SUI"]
[Date "2018.07.24"]
[Round "3.3"]
[White "Georgiadis, Nico"]
[Black "Navara, David"]
[Result "0-1"]
[WhiteElo "2526"]
[BlackElo "2741"]
[PlyCount "78"]
[EventDate "2018.07.22"]

1. d4 Nf6 2. c4 g6 3. g3 Bg7 4. Bg2 O-O 5. Nc3 d6 6. Nf3 Nc6 7. O-O e5 8. dxe5
dxe5 9. Bg5 Be6 10. Qa4 Qc8 (10... h6 11. Rad1 Qe7 12. Nd5 Bxd5 13. Bxf6 Bxf6
14. cxd5 Nd4 15. e4 Nxf3+ 16. Bxf3 Rfd8 {Edouard,R (2628)-Bacrot,E (2692) Cap
d'Agde 2016}) 11. Rfd1 Nd7 12. Nd5 e4 13. Ne1 Nb6 14. Qb3 (14. Qc2 f5 15. Rd2
Kh8 16. Rad1 Ne5 17. b3 c6 18. Nf4 Bg8 19. Be7 Re8 20. Bc5 Qc7 21. Qc1 Qf7 {
Akopian,V (2615)-Nijboer,F (2505) Wijk aan Zee 1993}) 14... Bxd5 15. cxd5 Nd4
16. Qe3 Nc4 17. Qxe4 Re8 18. Rxd4 ({Georgiadis didn't like} 18. Qh4 Nxe2+ 19.
Kf1 Nxb2 ({but Navara was planning} 19... Nd6 {when} 20. Be3 {is actually
quite playable for White.})) 18... Rxe4 19. Rxe4 Nd6 $1 {Now Black is much
better but it's not easy to convert the advantage.} ({Georgiadis had expected} 
19... Nxb2 20. Rc1 {with good compensation.}) 20. Re3 Bxb2 21. Rd1 a5 {
Georgiadis had missed this plan of running with the a-pawn.} 22. Rb3 (22. Re7
Qd8 $1) 22... Bg7 23. Bf4 b5 24. Rc1 Qd7 25. Nd3 b4 26. e4 Nb5 27. e5 (27. Ne5
Qe8 28. Nc6 Nc3 $1) 27... Rd8 {Navara forgot that his a-pawn will be hanging...
} (27... Re8 28. d6 Nc3) 28. Nc5 Qe8 $6 ({Black should play} 28... Qf5 {when}
29. Nb7 Re8 30. Nxa5 {can be answered by} Nd4 $1 31. Rb2 g5) 29. Nb7 Rb8 30. d6
$5 {With three minutes on the clock Georgiadis decided to go for complications.
} (30. Nxa5 {would have been quite OK for White.}) 30... cxd6 31. Bc6 Qe6 32.
exd6 $2 {But this is clearly wrong.} (32. Bxb5 Rxb7 33. Bc4 Qf5 (33... d5 34.
Bxd5 $1) 34. exd6 Bf6 35. Rd3 {would have been unclear.}) 32... Nc3 33. Rb2 g5
34. Be3 (34. Bxg5 Nxa2) 34... Nxa2 35. Rxa2 Qxa2 36. d7 Bf6 37. Ba7 Rf8 38. Re1
Qd2 39. Kf1 b3 0-1

[Event "51st Biel GM 2018"]
[Site "Biel SUI"]
[Date "2018.07.25"]
[Round "4.2"]
[White "Mamedyarov, Shakhriyar"]
[Black "Svidler, Peter"]
[Result "1/2-1/2"]
[WhiteElo "2801"]
[BlackElo "2753"]
[PlyCount "82"]
[EventDate "2018.07.22"]

1. d4 Nf6 2. c4 g6 3. g3 c6 4. Bg2 d5 5. Qa4 dxc4 6. Qxc4 Be6 7. Qa4 Bg7 8. Nf3
O-O 9. O-O Nbd7 10. Nc3 Nd5 (10... Nb6 11. Qc2 Bc4 12. Rd1 Nfd5 13. e4 Nxc3 14.
bxc3 Qc8 15. a4 h6 {Dreev,A (2653)-Izzat,K (2484) chess.com INT 2018}) 11. Rd1
N7f6 (11... Nxc3 12. bxc3 Bd5 13. Qc2 Nf6 14. Ba3 Qc7 {Ushenina,A (2443)
-Bodnaruk,A (2446) Sochi 2018}) 12. h3 $6 Qb6 $6 {The only move Svidler played
without thinking but he misses a tactic which Mamedyarov noticed right after
playing h3.} ({After} 12... Qc8 $1 {White has to play} 13. Nxd5 (13. Kh2 Nxc3
14. bxc3 Ne4 {is the tactic; both f2 and c3 are hanging.}) (13. g4 h5) 13...
Bxd5 {and Black has equalized.}) 13. Ne1 Rfd8 (13... Nxc3 $5 14. bxc3 Bd5) 14.
e4 Nxc3 15. bxc3 Qb5 16. Qxb5 (16. Qc2 $5) 16... cxb5 17. Ba3 Bf8 18. d5 Bc8
19. Rac1 (19. e5 Nd7 20. f4 Nb6 21. Bc5 {King} Na4 22. Bd4 b6 {Svidler}) (19.
Nc2 e5 $1 {and Black is fine.} (19... Nd7 20. Nd4 a6 21. Ne6 {Mamedyarov}))
19... e6 20. d6 e5 21. Nd3 (21. f4 Be6 22. Nf3 Nd7 $1) 21... Ne8 22. Nxe5 Be6
23. Rd2 Bxd6 24. Rcd1 Bc7 25. Nd7 Nd6 26. Nf6+ Kg7 27. Nd5 Bxd5 28. Rxd5 Nc4
29. Bc5 a6 30. f4 Rxd5 31. Rxd5 Bb6 32. e5 ({Svidler was very much worried
about} 32. Bd4+ Bxd4+ 33. cxd4 {but Mamedyarov pointed out} Rc8 34. Rd7 Nb6 35.
Rxb7 Rc1+ {and Black might just survive, e.g.} 36. Kh2 Nc4 37. e5 Rc2 38. e6
Ne3 39. e7 Rxg2+ 40. Kh1 Re2) 32... Rc8 33. Bxb6 Nxb6 34. Rd6 Na4 35. Bxb7 Rxc3
36. Bxa6 Rxg3+ 37. Kh2 Ra3 38. Bxb5 Rxa2+ 39. Kg3 Nc5 40. Rd4 Ra3+ 41. Kg2 Ne6
1/2-1/2

[Event "51st Biel GM 2018"]
[Site "Biel SUI"]
[Date "2018.07.25"]
[Round "4.3"]
[White "Navara, David"]
[Black "Vachier-Lagrave, Maxime"]
[Result "1/2-1/2"]
[WhiteElo "2741"]
[BlackElo "2779"]
[PlyCount "56"]
[EventDate "2018.07.22"]

1. d4 Nf6 2. c4 g6 3. Nc3 d5 4. Nf3 Bg7 5. cxd5 Nxd5 6. e4 Nxc3 7. bxc3 c5 8.
Be3 Qa5 9. Nd2 (9. Qd2 O-O 10. Rc1 Rd8 11. d5 e6 12. Bg5 f6 13. Be3 Nc6 {
Yu,Y (2759)-Svidler,P (2753) Shenzhen 2018}) 9... Bd7 10. Rb1 Ba4 11. Qxa4+
Qxa4 12. Bb5+ Qxb5 13. Rxb5 b6 14. dxc5 {MVL said he "forgot this is better
for White."} Nd7 (14... Bxc3 15. Ke2 Bxd2 16. Kxd2 Nd7 17. c6 Nf8 {Melkumyan,H
(2620)-Khalifman,A (2632) Moscow 2012}) 15. Ke2 Bxc3 {Navara thought for 43
minutes here because there's a big choice to make.} 16. Nb3 (16. c6 $1 {
was probably best:} Nf8 (16... Nf6 17. Nc4 O-O-O 18. f3) 17. Nf3 $5) (16. Rc1
$5) 16... O-O 17. c6 (17. Rc1 $5) 17... Nf6 18. Kd3 Bb2 19. Nd2 Rfd8+ 20. Kc4
Ba3 21. e5 Rac8 (21... Ng4 $5) 22. exf6 Rxc6+ 23. Kb3 Rd3+ 24. Ka4 Bd6 25. Rb3
Rd5 26. Rb5 Rd3 27. Rb3 Rd5 28. Rb5 Rd3 1/2-1/2

[Event "51st Biel GM 2018"]
[Site "Biel SUI"]
[Date "2018.07.26"]
[Round "5.1"]
[White "Carlsen, Magnus"]
[Black "Mamedyarov, Shakhriyar"]
[Result "1/2-1/2"]
[WhiteElo "2842"]
[BlackElo "2801"]
[PlyCount "133"]
[EventDate "2018.07.22"]

1. e4 e5 2. Nf3 Nc6 3. Bb5 a6 4. Ba4 Nf6 5. d3 b5 6. Bb3 Bc5 7. c3 d6 8. Bg5 (
8. Nbd2 O-O 9. Nf1 d5 10. exd5 Nxd5 11. Ng3 f6 12. O-O Be6 {Caruana,F (2799)
-So,W (2788) London 2017}) 8... h6 9. Bh4 O-O 10. Nbd2 Be6 11. O-O Bb6 12. Re1
Bxb3 (12... Kh7 13. Bc2 Ne7 14. d4 Ng6 15. Bg3 Re8 16. Nf1 Nh5 {Grischuk,A 
(2761)-Mamedyarov,S (2800) Paris 2017}) 13. Nxb3 Nb8 14. d4 Nbd7 15. a4 Re8 16.
Qc2 Qe7 17. h3 Rab8 18. axb5 axb5 19. Na5 Bxa5 20. Rxa5 c6 21. Ra7 Qe6 22. Rd1
Nf8 ({Not} 22... Ra8 $6 23. d5 cxd5 24. exd5 Nxd5 25. Rxd7 Qxd7 26. Rxd5) 23.
Rc7 Rec8 24. Rxc6 Rxc6 25. d5 Qc8 26. dxc6 Ne8 $1 (26... Qxc6 $2 27. Bxf6 gxf6
28. Nh4 {is horrible for Black.}) 27. Be7 $5 Qxc6 28. Nh4 Ng6 29. Nf5 Rb7 30.
Bxd6 Rd7 31. Ba3 Rxd1+ 32. Qxd1 Qxe4 33. Ne3 Nf6 34. g3 h5 35. h4 Qc6 36. Bb4
Kh7 37. b3 Qa8 38. c4 bxc4 39. bxc4 Qc6 40. Bd6 Kg8 41. c5 Qe4 42. Qf1 ({
Interesting, and perhaps the last chance for something tangible, was} 42. Be7
$5 Nxe7 43. Qd8+ Kh7 44. Qxe7 Kg6 45. Qd6) 42... Nd5 43. Nxd5 Qxd5 44. Qc1 f6
45. Qc2 e4 46. Kf1 Kf7 47. Qa4 Qd3+ 48. Kg1 Kg8 49. Qa2+ Kh7 50. Kh2 Qd1 51.
Qa3 Qd2 52. Qe3 Qd5 53. Qc1 Kg8 54. Kg1 Kf7 55. Qa1 Kg8 56. Qc1 Kf7 57. Qb1 Ne7
58. Bxe7 Kxe7 59. Qb6 Qd1+ 60. Kh2 Qd4 61. Qb7+ Ke6 62. Qc6+ Ke7 63. Kg2 e3 64.
Qb7+ Ke6 65. Qc8+ Kd5 66. fxe3 Qg4 67. Qd8+ 1/2-1/2

[Event "51st Biel GM 2018"]
[Site "Biel SUI"]
[Date "2018.07.26"]
[Round "5.2"]
[White "Svidler, Peter"]
[Black "Navara, David"]
[Result "1/2-1/2"]
[WhiteElo "2753"]
[BlackElo "2741"]
[PlyCount "80"]
[EventDate "2018.07.22"]

1. c4 Nf6 2. Nc3 e5 3. Nf3 Nc6 4. e3 Bb4 5. Qc2 Bxc3 6. Qxc3 Qe7 7. b3 (7. Be2
O-O 8. O-O e4 9. Nd4 Nxd4 10. Qxd4 c5 11. Qc3 d5 12. b3 Rd8 {Vachier Lagrave,M
(2789)-Karjakin,S (2782) Leuven 2018}) 7... d5 8. d4 exd4 9. Nxd4 Nxd4 10. Qxd4
c5 11. Qf4 O-O 12. Bb2 d4 13. O-O-O ({Danny King suggested} 13. Bd3 dxe3 14.
O-O {and Svidler agreed he should have at least considered it.}) 13... dxe3 (
13... Qe4 14. Qg3 Bg4 15. Bd3 Qe6 16. Rde1 {is bad for Black (Navara).}) 14.
Re1 (14. fxe3 Ng4 15. Re1 (15. Bd3 $5) 15... Re8 {Svidler}) 14... Qe4 $1 {
Otherwise White is actually close to winning (Svidler).} 15. Qxe3 Bf5 16. Qxe4
Nxe4 17. Bd3 Rfe8 ({Navara showed the difference with} 17... Rae8 18. Bc2 Bg6
19. Re2 $6 Nc3 $1 20. Rxe8 Nxa2+) 18. Bc2 ({Navara didn't trust} 18. f3 Ng3 19.
Bxf5 {(Svidler forgot that this is "a legal move.")} Nxf5 20. Rxe8+ Rxe8 21.
Rd1 b6 {very much and Svidler also would have liked to get this endgame.})
18... f6 19. f3 {Only this is new actually.} (19. Rhf1 Nd6 20. Bd1 Be4 21. f3
Bg6 22. Bc3 b6 23. g4 h6 24. h4 h5 {Harsha,B (2471)-Mozharov,M (2558) Mumbai
2018}) 19... Nd6 20. Bd1 b6 21. Bc3 Nf7 22. g4 Bd7 23. f4 Bc6 24. Rxe8+ Rxe8
25. Re1 Kf8 26. Rxe8+ Kxe8 27. Bc2 h6 28. Kd2 Bf3 29. h3 Bg2 30. h4 Bf3 31. g5
hxg5 32. hxg5 fxg5 33. fxg5 Nxg5 34. Ke3 Bc6 35. Bxg7 Kd7 36. Be5 Kc8 37. Bf5+
Bd7 38. Bc2 Kb7 39. Bc3 Ne6 40. Bf5 Nf8 1/2-1/2